| 000 | 01204nam a22002777a 4500 | ||
|---|---|---|---|
| 001 | BD-DhSAU | ||
| 003 | BD-DhSAU | ||
| 005 | 20250722100942.0 | ||
| 008 | 150420b2005 bg ||||| m||| 00| 0 eng d | ||
| 040 | _aBD-DhSAU | ||
| 082 |
_222 _a630.715 _bF14 |
||
| 100 |
_aFAHAD, TARIFUR RAHMAN _eRegistration No. # 15-06552 |
||
| 245 |
_aAdoption of hybrid maize varieties by the farmers of mithamoin upazila under kishoreganj district / _bMS thesis |
||
| 260 |
_aSher-e-Bangla Agricultural Uniersity : _bDepartment of Agricultural Extension and Information System; _c2022. |
||
| 300 |
_avii, 76 p. ; _c30 cm. |
||
| 500 | _aMS thesis of Department of Agricultural Extension and Information System, Faculty of Agriculture, Sher-e-Bangla Agricultural University, Dhaka, Bangladesh | ||
| 504 | _aIncludes bibliographical reference. | ||
| 590 | _aNazmul | ||
| 650 | _ahybrid maize varieties | ||
| 650 | _afarmers of mithamoin upazila | ||
| 651 | _akishoreganj district | ||
| 700 |
_aProf. Dr. Mohammad Zamshed Alam _eSuperviser |
||
| 700 |
_aProf. Dr. Ranjan Roy _eCo-superviser |
||
| 856 | _uhttp://archive.saulibrary.edu.bd:8080/xmlui/handle/123456789/5338 | ||
| 942 |
_2ddc _cTHESIS |
||
| 999 |
_c17475 _d17474 |
||